| 000 | 00678nam a2200229 i 4500 | ||
|---|---|---|---|
| 001 | bg | ||
| 100 | 1 | _aTULLIS, Graham | |
| 245 | 1 | 0 |
_aNew insights into business : _bworkbook / _cGraham Tullis, Susan Power. |
| 260 |
_aHarlow : _bLongman, _c2000. |
||
| 300 |
_a84, XII s. : _bil. ; _c28 cm. |
||
| 650 | 9 | _aJęzyk angielski | |
| 655 | _aPodręczniki | ||
| 700 | 1 | _aPOWER, Susan | |
| 020 | _a0582335574 | ||
| 040 | _cBPK | ||
| 041 | 0 | _aeng | |
| 080 | _a811.111(07) | ||
| 920 | _a0-582-33557-4 | ||
| 942 | _cKS | ||
| 008 | s pl f |000 0 pol | ||
| 999 |
_c45455 _d45455 |
||
| 856 |
_uhttp://koha.tu.koszalin.pl/cgi-bin/koha/opac-detail.pl?biblionumber=45455 _yKatalog online BPK |
||